<?xml version="1.0" encoding="UTF-8"?>
<record
    xmlns:xsi="http://www.w3.org/2001/XMLSchema-instance"
    xsi:schemaLocation="http://www.loc.gov/MARC21/slim http://www.loc.gov/standards/marcxml/schema/MARC21slim.xsd"
    xmlns="http://www.loc.gov/MARC21/slim">

  <leader>01449nam a22002777a 4500</leader>
  <controlfield tag="003">OSt</controlfield>
  <controlfield tag="005">20230706133745.0</controlfield>
  <controlfield tag="008">221006b        |||||||| |||| 00| 0 eng d</controlfield>
  <datafield tag="040" ind1=" " ind2=" ">
    <subfield code="c">Biblioteca Lado V</subfield>
  </datafield>
  <datafield tag="082" ind1=" " ind2=" ">
    <subfield code="a">980.004.68</subfield>
    <subfield code="b">R696a</subfield>
  </datafield>
  <datafield tag="100" ind1=" " ind2=" ">
    <subfield code="9">876</subfield>
    <subfield code="a">Rodriguez, Emilio Jorge</subfield>
    <subfield code="e">director</subfield>
  </datafield>
  <datafield tag="245" ind1=" " ind2=" ">
    <subfield code="a">Anales del Caribe/</subfield>
    <subfield code="b">Centro de Estudios del Caribe/</subfield>
  </datafield>
  <datafield tag="260" ind1=" " ind2=" ">
    <subfield code="c">2000</subfield>
    <subfield code="b">Casa de las Americas</subfield>
    <subfield code="a">Cuba</subfield>
  </datafield>
  <datafield tag="300" ind1=" " ind2=" ">
    <subfield code="c">16x23cm</subfield>
    <subfield code="a">400p.</subfield>
  </datafield>
  <datafield tag="490" ind1=" " ind2=" ">
    <subfield code="v">2000</subfield>
    <subfield code="x">0864-0491</subfield>
  </datafield>
  <datafield tag="505" ind1=" " ind2=" ">
    <subfield code="a">Editorial</subfield>
  </datafield>
  <datafield tag="505" ind1=" " ind2=" ">
    <subfield code="a">Dossier</subfield>
    <subfield code="t">Mare Pacificum

Los tatuajes polinesios

El ojo

El Estilo Hawaiano

La gran Mancha de Basura del Pacifico

Oceano-Mundo

Escribir

Historias Insulares en el pacifico mexicano

Varua rapa nui

clipperton isla Mexicana

Islas

Islas Japonesas

El surgimiento del mar

Una descolonizacion inconclusa

El pacifico chino

</subfield>
  </datafield>
  <datafield tag="505" ind1=" " ind2=" ">
    <subfield code="a">Arte</subfield>
    <subfield code="t">Miradas del pacifico de Moises Barrios</subfield>
  </datafield>
  <datafield tag="505" ind1=" " ind2=" ">
    <subfield code="a">Panoptico</subfield>
    <subfield code="t">El oficio

Palco

Alambique

Agora

Personajes secundarios

Otros Mundos</subfield>
  </datafield>
  <datafield tag="505" ind1=" " ind2=" ">
    <subfield code="a">Critica</subfield>
    <subfield code="t">Sin Justificar

Esta Noche el Gran Terremoto

Tema Libre

Apocalypse Now

Nuestros Autores</subfield>
  </datafield>
  <datafield tag="650" ind1=" " ind2="0">
    <subfield code="2">Tesauro de Arte &amp; Arquitectura</subfield>
    <subfield code="a">ARTE</subfield>
    <subfield code="9">702</subfield>
  </datafield>
  <datafield tag="650" ind1=" " ind2="0">
    <subfield code="2">Tesauro de Arte &amp; Arquitectura</subfield>
    <subfield code="a">HISTORIA</subfield>
  </datafield>
  <datafield tag="650" ind1=" " ind2=" ">
    <subfield code="2">Tesauro de Arte &amp; Arquitectura</subfield>
    <subfield code="a">CARIBE</subfield>
  </datafield>
  <datafield tag="650" ind1=" " ind2=" ">
    <subfield code="2">Tesauro de Arte &amp; Arquitectura</subfield>
    <subfield code="a">CRITICA</subfield>
  </datafield>
  <datafield tag="942" ind1=" " ind2=" ">
    <subfield code="2">ddc</subfield>
    <subfield code="c">1</subfield>
    <subfield code="h">980.004.68</subfield>
    <subfield code="i">R696a</subfield>
    <subfield code="n">0</subfield>
  </datafield>
  <datafield tag="999" ind1=" " ind2=" ">
    <subfield code="c">4002</subfield>
    <subfield code="d">4002</subfield>
  </datafield>
  <datafield tag="952" ind1=" " ind2=" ">
    <subfield code="0">0</subfield>
    <subfield code="1">0</subfield>
    <subfield code="2">ddc</subfield>
    <subfield code="3">2000</subfield>
    <subfield code="4">0</subfield>
    <subfield code="7">0</subfield>
    <subfield code="8">Revistas</subfield>
    <subfield code="a">LV</subfield>
    <subfield code="b">LV</subfield>
    <subfield code="d">2023-07-06</subfield>
    <subfield code="i">003188</subfield>
    <subfield code="l">0</subfield>
    <subfield code="o">980.004.68 R696a</subfield>
    <subfield code="p">003188</subfield>
    <subfield code="r">2023-07-06 00:00:00</subfield>
    <subfield code="w">2023-07-06</subfield>
    <subfield code="y">1</subfield>
  </datafield>
</record>
